Statistics for Marvel actors

Click here to take the quiz!

General Stats

  • This quiz has been taken 36 times
  • The average score is 11 of 15

Answer Stats

CharacterActor% Correct
Iron ManRobert Downey Jr
94%
Nick FurySamuel L Jackson
91%
Captain AmericaChris Evans
89%
Star LordChris Pratt
89%
ThorChris Hemsworth
86%
WolverineHugh Jackman
86%
HawkeyeJeremy Renner
74%
DeadpoolRyan Reynolds
74%
Black WidowScarlett Johansson
66%
GrootVin Diesel
66%
Proffessor X ( Old )Patrick Stewart
57%
( As himself )Stan Lee
54%
Captain MarvelBrie Larson
51%
Black PantherChadwick Boseman
51%
MystiqueJenniffer Lawrence
31%

Score Distribution

Percentile by Number Answered

Percent of People with Each Score

Your Score History

You have not taken this quiz